000 00348nam a2200145Ia 4500
008 231217s9999 xx 000 0 und d
041 _aEnglish
082 _a001.6424PAS RAD R'
100 _aRadha Ganeshan P
245 0 _aPascal programming
260 _c1987
_bNew Delhi : New Age,
300 _axvi+255
650 _aPascal
942 _cAA
999 _c165893
_d165893